Dôsledne, vedecky, iniciatívne Z diskusného vystúpenia súdruha Petra Colotku..

Bibliographic Details
Main Author: Colotka, Peter, 1925-2019 (Author)
Format: Article
Language:Slovak
PhysicalDescription:Obr. 1.
Subjects:

MARC

LEADER 00000nab a2200000 a 4500
001 vtls000079849
003 SK-MaSNL
005 20260303202602.0
008 111103c1981 xo 0 slo
015 |a SNBRB19rr/mm-uuuuu 
035 |a CL0089950 
040 |a SNKBUCL  |b slo  |c SNKBUCL  |e AACR2 
041 0 |a slo 
044 |a xo  |c SK 
080 |a 329.15(437.6)  |2 1981 
100 1 |a Colotka, Peter,  |d 1925-2019  |4 aut  |9 26762 
245 1 0 |a Dôsledne, vedecky, iniciatívne  |b Z diskusného vystúpenia súdruha Petra Colotku..  |c Peter Colotka 
300 |b Obr. 1. 
610 2 7 |a Komunistická strana Slovenska  |2 snkbucl  |9 30182 
651 7 |a 5100  |2 snkbucl  |9 166206 
655 7 |a články z novín a časopisov  |2 snkbucl  |9 267496 
773 0 |t Smena  |g Roč. 34, č. 71 (25. 3. 1981), s. 4 
850 |a Slovenská národná knižnica v Martine  |a MTA001 
852 |a SNK  |b KIS3GCP 
958 |a RK 
992 |a RBX 
999 |c 2180513  |d 2182443